| 000 | 00582nam a22001937a 4500 | ||
|---|---|---|---|
| 003 | BUBTL | ||
| 008 | 190114b xxu||||| |||| 00| 0 eng d | ||
| 020 | _a978-984-34-2898-1 | ||
| 082 | _a346.043 / Is41l | ||
| 100 |
_92123 _aIslam,Mohammad Towhidul |
||
| 245 |
_aLand Law : _bText,Cases And Materials / _cMohammad Towhidul Islam |
||
| 250 | _a2nd ed. | ||
| 260 |
_aBangladesh : _bCentre For Human Rights & Legal Research, _cc2018 |
||
| 300 |
_axxxix,728 p.: _c23 cm. |
||
| 650 | 0 |
_92124 _aLaw |
|
| 856 |
_k0 _l0 _yDownload |
||
| 942 |
_2ddc _cBK |
||
| 999 |
_c5863 _d5863 |
||